00559nam a22001577a 450000500170000001000150001702000260003203500140005803700130007208200110008510000240009624501260012026000430024627000890028930000230037820171016142814.0 aENG-121002 a9789350353776c325.00 aEN-104534 bDBAD/PUB a379.54 aMenon, N.R. Madhava aEducation and public health :cby N.R. Madhava Menonblegislative intiatives in fifty years of the republic (1950-2000) / aDelhi bUniversal Law Publishingc2013 aA-58, G.T. Karnal Road Industrial Area, (Near Azadpur Metro Station)bDelhi e110033 axi,138p.c25cm(Hb)